000 00658nam a2200217 i 4500
001 90787
003 ES-MaACL
005 20230906180548.0
007 t|
008 050125s1965 sp ||||1| spa d
100 1 _aLeclercq, Jacques.
_971094
245 1 3 _aLa revolución del hombre en el siglo XX /
_cJacques Leclercq ; traductor Tomás Alcovero.
250 _a[1ª ed.].
260 _aBarcelona :
_bEstela,
_c[1965]
300 _a221 p. ;
_c20 cm.
490 1 _aCristianismo y tiempo ;
_v28
700 1 _aAlcoverro, Tomás.
_919590
830 0 _aCristianismo y tiempo ;
_v28
_9181569
852 _aES-MaACL
_jC-28789
_bR.57401
999 _c90787
_d90787